| 000 | 00364nam a22001577a 4500 | ||
|---|---|---|---|
| 003 | MACL | ||
| 005 | 20151121151600.0 | ||
| 008 | 151121b xxu||||| |||| 00| 0 eng d | ||
| 040 | _cMACL | ||
| 041 | _aEnglish | ||
| 082 | _a307/JAB | ||
| 100 |
_aJabbi,M.K. _917789 |
||
| 245 | _aA Social Charter for India | ||
| 650 |
_aSocial Science _917790 |
||
| 942 |
_2ddc _cBK |
||
| 999 |
_c50852 _d50852 |
||